000 00667nam a2200193Ia 4500
003 GCL
008 140319s9999 xx 000 0 ara d
040 _aGCL /
_cGCL
082 0 4 _aق
_b923.2
_bم ز
100 1 _aمحمد سعدالدين
245 1 0 _aزعيم مصر الخالد: مصطفى النحاس /
_cمحمد سعدالدين
300 _aالقاهرة
490 _aالهيئة العامة للاستعلامات
_v0
650 0 4 _aالسياسيون المصريون
650 0 4 _aمصطفى النحاس
650 0 4 _aالسياسيون - تراجم
650 0 4 _aمصر - تاريخ - العصر الحديث (1805 - 1956 )
942 _2ddc
_cBK
999 _c49801
_d49801